00502nam a2200181 a 4500001001300000003000900013005001700022008004100039020002300080082002000103100002100123245005400144260004700198300000900245500003500254505001300289650001800302nice12345678IN_TiNIC20260116013132.0050524s1989 newa grp 000 0 eng  a0813577 c10000a305.420962bMER aMernissi, Fatima aDoing Daily Battleb Interview With Moroco Women. aNew JerseybRutgers University Pressc1989 a224p aincludes index and biblioraphy2 aglossary aWomen-Morocco